000 00317nam a22001337a 4500
008 170904b xxu||||| |||| 00| 0 eng d
020 _a9780205000920
041 _aeng
080 _25 ED
_a070
100 _a40
101 _aMED
245 _aGOOD REASONS CONTEMPORARY ARGUMENTS
_cFAIGLEY.L
942 _2udc
_cBK
999 _c26070
_d26070